О режимах твердофазного разложения одиночных кристаллов инициирующих взрывчатых веществ; Физическая мезомеханика; Т. 3, № 3
| Parent link: | Физическая мезомеханика/ Российская академия наук (РАН), Сибирское отделение (СО), Институт физики прочности и материаловедения (ИФПМ).— , 1998- Т. 3, № 3.— 2000.— [С. 97-106] |
|---|---|
| Yazar: | |
| Diğer Yazarlar: | |
| Özet: | Заглавие с экрана В работе на основе термомеханической модели твердофазного горения, в которой учитывается тепловое расширение вещества и изменение объема в ходе химического превращения, предложено объяснение существования двух различных режимов разложения азидов тяжелых металлов в твердой фазе - дозвукового и сверхзвукового. Проведены расчеты для других взрывчатых веществ, для которых роль механических процессов в ходе их твердофазного разложения может быть значительной. Результаты численных расчетов качественно согласуются с известными экспериментальными данными. Подобные модели могут быть использованы для построения математических моделей иных превращений в твердой фазе, в том числе фазовых переходов. Режим доступа: по договору с организацией-держателем ресурса |
| Dil: | Rusça |
| Baskı/Yayın Bilgisi: |
2000
|
| Konular: | |
| Online Erişim: | http://elibrary.ru/item.asp?id=12913668 |
| Materyal Türü: | Elektronik Kitap Bölümü |
| KOHA link: | https://koha.lib.tpu.ru/cgi-bin/koha/opac-detail.pl?biblionumber=638184 |
MARC
| LEADER | 00000naa0a2200000 4500 | ||
|---|---|---|---|
| 001 | 638184 | ||
| 005 | 20250129140739.0 | ||
| 035 | |a (RuTPU)RU\TPU\network\2475 | ||
| 090 | |a 638184 | ||
| 100 | |a 20141220d2000 k||y0rusy50 ca | ||
| 101 | 0 | |a rus | |
| 102 | |a RU | ||
| 135 | |a drcn ---uucaa | ||
| 181 | 0 | |a i | |
| 182 | 0 | |a b | |
| 200 | 1 | |a О режимах твердофазного разложения одиночных кристаллов инициирующих взрывчатых веществ |f А. Г. Князева, Е. А. Дюкарев | |
| 203 | |a Текст |c электронный | ||
| 300 | |a Заглавие с экрана | ||
| 320 | |a [Библиогр.: с. 106 (32 назв.)] | ||
| 330 | |a В работе на основе термомеханической модели твердофазного горения, в которой учитывается тепловое расширение вещества и изменение объема в ходе химического превращения, предложено объяснение существования двух различных режимов разложения азидов тяжелых металлов в твердой фазе - дозвукового и сверхзвукового. Проведены расчеты для других взрывчатых веществ, для которых роль механических процессов в ходе их твердофазного разложения может быть значительной. Результаты численных расчетов качественно согласуются с известными экспериментальными данными. Подобные модели могут быть использованы для построения математических моделей иных превращений в твердой фазе, в том числе фазовых переходов. | ||
| 333 | |a Режим доступа: по договору с организацией-держателем ресурса | ||
| 461 | |t Физическая мезомеханика |f Российская академия наук (РАН), Сибирское отделение (СО), Институт физики прочности и материаловедения (ИФПМ) |d 1998- | ||
| 463 | |t Т. 3, № 3 |v [С. 97-106] |d 2000 | ||
| 610 | 1 | |a электронный ресурс | |
| 610 | 1 | |a труды учёных ТПУ | |
| 700 | 1 | |a Князева |b А. Г. |c российский физик |c профессор Томского политехнического университета, доктор физико-математических наук |f 1962- |g Анна Георгиевна |3 (RuTPU)RU\TPU\pers\25578 |9 11508 | |
| 701 | 1 | |a Дюкарев |b Е. А. | |
| 801 | 2 | |a RU |b 63413507 |c 20141220 |g RCR | |
| 856 | 4 | |u http://elibrary.ru/item.asp?id=12913668 | |
| 942 | |c CF | ||